Biología 2 : los procesos de cambio en los sistemas biológicos. evolución, reproducción y herencia /
Guardado en:
| Autor Principal: | |
|---|---|
| Formato: | Libro |
| Idioma: | Undetermined |
| Publicado: |
Buenos Aires :
Santillana,
2013.
|
| Edición: | 1era ed. |
| Series: | Conocer + Santillana
|
| Materias: | |
| Etiquetas: |
Agregar Etiqueta
Sin Etiquetas, Sea el primero en etiquetar este registro!
|
| LEADER | 00948nam a22002415a 4500 | ||
|---|---|---|---|
| 001 | CEM.cems025159 | ||
| 008 | 260505s2013####ag#a##########000#0#und#d | ||
| 005 | 20260505113530.0 | ||
| 245 | 1 | 0 | |a Biología 2 : |b los procesos de cambio en los sistemas biológicos. evolución, reproducción y herencia / |c Alejandro J. Balbiano; María Gabriela Barderi. |
| 250 | |a 1era ed. | ||
| 260 | |a Buenos Aires : |b Santillana, |c 2013. | ||
| 300 | |a 208 p. : |b il. ; |c 27 cm. | ||
| 490 | 1 | |a Conocer + Santillana | |
| 505 | 0 | |a La evolución: origen y diversidad de los seres vivos -- La célula: origen, estructura y funciones -- La reproducción de los seres vivos -- Los mecanismos de la herencia | |
| 020 | |a 9789504631699 | ||
| 100 | 1 | |a Balbiano, Alejandro, |d 2013. | |
| 082 | 0 | 4 | |a 574 |
| 653 | |a Biología | ||
| 653 | |a Evolución | ||
| 653 | |a Reproducción | ||
| 653 | |a Célula | ||
| 653 | |a Herencia | ||
| 859 | |a CEMS |b BIB. CEMS - Agricultura |h 574 |i B185-1 |p A4134.26 |t Ej.1 | ||
